El brigadier : (Registro nro. 7991)
[ vista simple ]
| 000 -LEADER | |
|---|---|
| fixed length control field | 00956nam a2200301 i 4500 |
| 001 - CONTROL NUMBER | |
| control field | 000012799 |
| 003 - CONTROL NUMBER IDENTIFIER | |
| control field | DO-SdBPM |
| 005 - DATE AND TIME OF LATEST TRANSACTION | |
| control field | 20250916102605.0 |
| 007 - PHYSICAL DESCRIPTION FIXED FIELD--GENERAL INFORMATION | |
| fixed length control field | ta |
| 008 - FIXED-LENGTH DATA ELEMENTS--GENERAL INFORMATION | |
| fixed length control field | 091117s1981 dr a 000 f spa d |
| 040 ## - CATALOGING SOURCE | |
| Original cataloging agency | DO-SdBPM |
| Language of cataloging | spa |
| Transcribing agency | BPMSU |
| Description conventions | rda |
| 041 ## - LANGUAGE CODE | |
| Language code of text/sound track or separate title | spa |
| 082 #4 - DEWEY DECIMAL CLASSIFICATION NUMBER | |
| Classification number | RD863.44 |
| Item number | P379b 1981 |
| Edition number | 22 |
| 100 1# - MAIN ENTRY--PERSONAL NAME | |
| Personal name | Peix, Pedro |
| Dates associated with a name | 1952-2015 |
| Relator term | autor |
| Relator code | aut. |
| 245 13 - TITLE STATEMENT | |
| Title | El brigadier : |
| Remainder of title | (o La fábula del lobo y el sargento) / |
| Statement of responsibility, etc. | Pedro Peix. |
| 264 ## - PRODUCTION, PUBLICATION, DISTRIBUTION, MANUFACTURE, AND COPYRIGHT NOTICE | |
| Place of production, publication, distribution, manufacture | Santo Domingo, República Dominicana : |
| Name of producer, publisher, distributor, manufacturer | Editora Alfa y Omega, |
| Date of production, publication, distribution, manufacture, or copyright notice | 1981. |
| 300 ## - PHYSICAL DESCRIPTION | |
| Extent | 125 páginas : |
| Other physical details | ilustraciones ; |
| Dimensions | 21 cm. |
| 336 ## - CONTENT TYPE | |
| Content type term | texto |
| Content type code | txt |
| Source | rdacontent |
| 337 ## - MEDIA TYPE | |
| Media type term | sin mediación |
| Media type code | n |
| Source | rdamedia |
| 338 ## - CARRIER TYPE | |
| Carrier type term | volumen |
| Carrier type code | nc |
| Source | rdacarrier |
| 590 ## - LOCAL NOTE (RLIN) | |
| Local note | Inventariado, 2025/VM |
| 650 #7 - SUBJECT ADDED ENTRY--TOPICAL TERM | |
| Topical term or geographic name as entry element | Novela dominicana |
| 650 #7 - SUBJECT ADDED ENTRY--TOPICAL TERM | |
| Topical term or geographic name as entry element | Literatura dominicana. |
| 650 z# - SUBJECT ADDED ENTRY--TOPICAL TERM | |
| Topical term or geographic name as entry element | Dominican fictions |
| 650 z# - SUBJECT ADDED ENTRY--TOPICAL TERM | |
| Topical term or geographic name as entry element | Dominican literature |
| 910 ## - USER-OPTION DATA (OCLC) | |
| User-option data | VMateo V. Control de calidad BPMSU |
| 942 ## - ADDED ENTRY ELEMENTS (KOHA) | |
| Source of classification or shelving scheme | Dewey Decimal Classification |
| Koha item type | Libros |
| Withdrawn status | Lost status | Source of classification or shelving scheme | Damaged status | Not for loan | Collection code | Home library | Current library | Date acquired | Source of acquisition | Total Checkouts | Full call number | Barcode | Date last seen | Price effective from | Koha item type |
|---|---|---|---|---|---|---|---|---|---|---|---|---|---|---|---|
| Dewey Decimal Classification | Colección Dominicana | Biblioteca Pública Metropolitana Salomé Ureña | Biblioteca Pública Metropolitana Salomé Ureña | 07/22/2015 | FUNDI | BPMSU CD RD863.44 P379b 1981 | BPMSU15070319 | 07/22/2015 | 07/22/2015 | Libros |